Kinoshita Rigen /

Saved in:
Bibliographic Details
Main Author: Kawada, Jun, 1882-1966.
Format: Book
Language:Japanese
Published: Tōkyō : Ondorisha, Shōwa 32 [1957]
Series:Tanka bungaku tokuhon.
Subjects:
Tags: Add Tag
No Tags, Be the first to tag this record!
LEADER 01025nam a2200289ui 4500
001 007734657-2
005 20024617122053.0
008 980311s1957 ja f 000 0bjpn d
035 0 |a ocm38583528 
040 |a *YNH*  |c *YNH*  |d CStRLIN 
100 1 |6 880-01  |a Kawada, Jun,  |d 1882-1966. 
245 1 0 |6 880-02  |a Kinoshita Rigen /  |c Kawada Jun hencho. 
260 |6 880-03  |a Tōkyō :  |b Ondorisha,  |c Shōwa 32 [1957] 
300 |a 280 p. :  |b plates ;  |c 19 cm. 
490 1 |6 880-04  |a Tanka bungaku tokuhon 
500 |6 880-05  |a Kinoshita Rigen nenpu: p. 269-278. 
600 1 0 |6 880-06  |a Kinoshita, Rigen,  |d 1886-1925. 
880 1 |6 100-01  |a 川田順,  |d 1882-1966. 
880 1 0 |6 245-02  |a 木下利玄 /  |c 川田順編著. 
880 |6 260-03  |a 東京 :  |b 雄鷄社,  |c 昭和32 [1957] 
880 1 |6 490-04  |a 短歌文學讀本 
880 |6 500-05  |a 木下利玄年譜: p. 269-278. 
880 1 0 |6 600-06  |a 木下利玄,  |d 1886-1925. 
830 0 |6 880-54  |a Tanka bungaku tokuhon. 
880 0 |6 830-54  |a 短歌文學讀本. 
988 |a 20021221 
906 |0 MH